History of services of Indian Police Service (Record no. 490626)

000 -LEADER
fixed length control field 00371cam a22001097a 4500
008 - FIXED-LENGTH DATA ELEMENTS--GENERAL INFORMATION
fixed length control field 180718b-- xxu||||| |||| 00| 0 eng d
082 ## - DEWEY DECIMAL CLASSIFICATION NUMBER
Classification number K12x54 In2h/IPS
245 ## - TITLE STATEMENT
Title History of services of Indian Police Service
Statement of responsibility, etc. by Ministry of Home Affairs
260 ## - PUBLICATION, DISTRIBUTION, ETC.
Place of publication, distribution, etc. Delhi
Name of publisher, distributor, etc. The Manager of Publications
Date of publication, distribution, etc. --
500 ## - GENERAL NOTE
General note Library has 1960, 1966
700 ## - ADDED ENTRY--PERSONAL NAME
Personal name India. Ministry of Home Affairs
Holdings
Withdrawn status Lost status Damaged status Not for loan Permanent Location Current Location Date acquired Full call number Barcode Date last seen Price effective from Koha item type
        Indian Institute of Public Administration Indian Institute of Public Administration 2018-08-04 K12x54 In2h/IPS G9878 2018-08-04 2018-08-04 G
        Indian Institute of Public Administration Indian Institute of Public Administration 2018-08-04 K12x54 In2h/IPS G8008 2018-08-04 2018-08-04 G

Powered by Koha